| 000 | 00926cam a2200229 4500 | ||
|---|---|---|---|
| 001 | ABS67881 | ||
| 008 | 040517n2004 000 0 eng u | ||
| 035 | _a(Sirsi) u126212 | ||
| 100 | _aMargetson, G. | ||
| 245 | _aGoing stateside - WEEE directive sends shock waves across the pond | ||
| 260 | _c2004 | ||
| 490 |
_aWastes Management _vApril 2004, 18-19(2) |
||
| 520 | _aBriefly examines the differences between UK and US reactions to the disposal of electronic goods as the UK implementation of the EU directive on Waste Electrical and Electronic Equipment (WEEE) (Directive 02/96/EC) comes into force. Also considers what can be learnt from both sides of the Atlantic. | ||
| 590 | _aABS | ||
| 590 | _aABS | ||
| 650 | _aDIRECTIVE 02/96/EC | ||
| 650 | _aWASTE ELECTRICAL AND ELECTRONIC EQUIPMENT REGULATIONS | ||
| 650 | _aUNITED STATES | ||
| 650 | _aUNITED KINGDOM | ||
| 690 | _aWASTE MANAGEMENT | ||
| 942 | _n0 | ||
| 999 |
_c117358 _d117358 |
||